ANATOMY AND PHYSIOLOGY (Record no. 1201)
[ view plain ]
| 000 -LEADER | |
|---|---|
| fixed length control field | 00549nam a22002057a 4500 |
| 005 - DATE AND TIME OF LATEST TRANSACTION | |
| control field | 20241114135935.0 |
| 008 - FIXED-LENGTH DATA ELEMENTS--GENERAL INFORMATION | |
| fixed length control field | 241114b |||||||| |||| 00| 0 eng d |
| 020 ## - INTERNATIONAL STANDARD BOOK NUMBER | |
| International Standard Book Number | 9780697150172 |
| 050 ## - LIBRARY OF CONGRESS CALL NUMBER | |
| Classification number | QP44 |
| Item number | .A48 ANA |
| 082 ## - DEWEY DECIMAL CLASSIFICATION NUMBER | |
| Edition information | 3rd ED |
| 100 ## - MAIN ENTRY--PERSONAL NAME | |
| Personal name | BENSON, HAROLD J. |
| 245 ## - TITLE STATEMENT | |
| Title | ANATOMY AND PHYSIOLOGY |
| Remainder of title | LABORATORY TEXTBOOK |
| 250 ## - EDITION STATEMENT | |
| Edition statement | 3rd ED |
| 260 ## - PUBLICATION, DISTRIBUTION, ETC. | |
| Place of publication, distribution, etc. | DUBUQUE |
| Name of publisher, distributor, etc. | WM. C.BROWN PUBLISHERS |
| Date of publication, distribution, etc. | c1993 |
| 300 ## - PHYSICAL DESCRIPTION | |
| Extent | VIII, 515 |
| 700 ## - ADDED ENTRY--PERSONAL NAME | |
| Personal name | GUNSTREAM, STANLEY E. |
| 700 ## - ADDED ENTRY--PERSONAL NAME | |
| Personal name | TALARO, AUTHUR |
| 700 ## - ADDED ENTRY--PERSONAL NAME | |
| Personal name | TALARO, KATHLEEN P. |
| 942 ## - ADDED ENTRY ELEMENTS (KOHA) | |
| Source of classification or shelving scheme | Library of Congress Classification |
| Koha item type | Books |
| Suppress in OPAC | No |
| 999 ## - | |
| -- | 1201 |
| -- | 1201 |
| Withdrawn status | Lost status | Source of classification or shelving scheme | Damaged status | Not for loan | Collection | Home library | Current library | Shelving location | Date acquired | Total checkouts | Full call number | Barcode | Date last seen | Copy number | Price effective from | Koha item type |
|---|---|---|---|---|---|---|---|---|---|---|---|---|---|---|---|---|
| Library of Congress Classification | Non-fiction | Undergraduate Library (Christ Temple) | Undergraduate Library (Christ Temple) | General stacks | 11/14/2024 | QP 44.A48 ANA | ulct00000311 | 11/14/2024 | 1 | 11/14/2024 | Books |